Statistics for Countries that Speak Portuguese

Click here to take the quiz!

General Stats

  • This quiz has been taken 358 times
  • The average score is 7 of 9

Answer Stats

ContinentCountries% Correct
South AmericaBrazil
99%
EuropePortugal
99%
AfricaAngola
83%
AfricaMozambique
77%
AfricaCape Verde
70%
AfricaSao Tome and Principe
70%
AsiaEast Timor
65%
AfricaGuinea-Bissau
63%
AfricaEquatorial Guinea
62%

Score Distribution

Percentile by Number Answered

Percent of People with Each Score

Your Score History

You have not taken this quiz